000 00425 a2200133 4500
001 ART_3504
005 20260410161715.0
008 260409a
245 1 0 _aAlgunas limitaciones de un cociente clásico
100 1 _aMonza, Alfredo
700 1 _aBuchner de Krasny, Liliana
700 1 _aTraverso, María de los Angeles
773 0 _tDesarrollo económico
_g- Vol. 26, Nº 102 (jul./sep. 1986)
_wREV1174
999 _c16451
_d16451